[Event "AUTO-ADV-4849"]
[Site "http://www.queenalice.com/game.php?id=1853055"]
[Date "2025.2.28"]
[Round "1"]
[White "silverado"]
[Black "pomar"]
[Result "1-0"]
[WhiteElo "1939"]
[BlackElo "1854"]

1. d4 e6 2. e4 d5 3. e5 c5 4. c3 Qb6 5. Nf3 Nc6 6. Na3 cxd4 7. cxd4 Bb4+ 8. Bd2
Bxa3 9. bxa3 Nxd4 10. Rb1 Nxf3+ 11. gxf3 Qd4 12. Bb5+ Kd8 13. Bg5+ 1-0

[Event "AUTO-ADV-4849"]
[Site "http://www.queenalice.com/game.php?id=1853066"]
[Date "2025.2.28"]
[Round "1"]
[White "silverado"]
[Black "maurice916"]
[Result "0-1"]
[WhiteElo "2029"]
[BlackElo "1922"]

1. e4 c6 2. d4 d5 3. e5 Bf5 4. Bd3 Bxd3 5. Qxd3 e6 6. c3 Nd7 7. Nf3 Qb6 8. Nbd2
c5 9. b3 Ne7 10. Ba3 Nf5 11. dxc5 Bxc5 12. Bxc5 Nxc5 13. Qc2 Nd7 14. Qd3 Rc8 15.
O-O Qc7 16. c4 Nxe5 17. Nxe5 Qxe5 18. Rfe1 Qd4 19. Qxf5 Qxd2 20. cxd5 O-O 21.
dxe6 fxe6 22. Qxe6+ Kh8 23. f3 Rc2 24. Qg4 Rd8 25. h4 h6 26. f4 Qd4+ 27. Kh1 Qb6
28. h5 Rc7 29. Re6 Qd4 30. Rae1 Rg8 31. Rg6 Rf7 32. g3 Qf2 33. Re2 Qf1+ 34. Kh2
Rc7 35. Rge6 Rc1 36. Re1 Qf2+ 37. Kh3 Rxe1 38. Rxe1 Qxe1 39. Qd7 Qh1+ 40. Kg4
Qe4 41. Qf7 Re8 42. a4 Qe6+ 43. Qxe6 Rxe6 44. a5 a6 45. Kf3 Kg8 46. g4 Kf7 47.
f5 Rc6 48. Ke4 Kf6 49. Kd4 Kg5 0-1

[Event "AUTO-ADV-4849"]
[Site "http://www.queenalice.com/game.php?id=1853067"]
[Date "2025.2.28"]
[Round "1"]
[White "maurice916"]
[Black "silverado"]
[Result "0-1"]
[WhiteElo "1954"]
[BlackElo "1996"]

1. Nf3 d5 2. b3 Bf5 3. Bb2 f6 4. e3 Nh6 5. c4 dxc4 6. bxc4 c6 7. Nc3 g5 8. e4
Bg6 9. d3 Bg7 10. Be2 O-O 11. O-O Bh5 12. Nd2 Bxe2 13. Qxe2 Na6 14. Rfd1 g4 15.
Nf1 Nc5 16. Ne3 Ne6 17. Nxg4 Nxg4 18. Qxg4 Ng5 19. h4 Nf7 20. Ne2 Nh6 21. Qh3 e5
22. Ng3 Kh8 23. Nh5 Rf7 24. g4 Qd7 25. f3 Rg8 26. Kh2 Bf8 27. Nxf6 Rxf6 28. Bxe5
Bd6 29. Qg3 Bxe5 30. Qxe5 Qg7 31. Rg1 Rxf3 32. Qxg7+ Rxg7 33. g5 Nf7 34. Rad1
Ne5 35. d4 Nxc4 36. d5 cxd5 37. Rxd5 Rf2+ 38. Rg2 Rxg2+ 39. Kxg2 Ne3+ 0-1

[Event "AUTO-OPEN-4579"]
[Site "http://www.queenalice.com/game.php?id=1853182"]
[Date "2025.3.3"]
[Round "1"]
[White "SGF"]
[Black "silverado"]
[Result "0-1"]
[WhiteElo "1697"]
[BlackElo "1981"]

1. e4 e5 2. Qf3 Nf6 3. d3 h6 4. Be2 Nc6 5. c3 d6 6. b4 b6 7. h3 Bb7 8. Qg3 Ne7
9. h4 Ng6 10. h5 Ne7 11. a4 a5 12. b5 c6 13. Nf3 c5 14. Be3 Qc7 15. c4 Qd7 16.
Nc3 Ng4 17. Nh2 Nxe3 18. Qxe3 g6 19. hxg6 fxg6 20. Nd5 Nxd5 21. exd5 h5 22. Qg5
Qg7 23. Nf3 Be7 24. Qe3 e4 25. Qxe4 Qxa1+ 26. Bd1 Rg8 27. O-O Qg7 28. Ng5 Qf7
29. Nxf7 Kxf7 30. Qe6+ Kf8 31. f4 Bc8 32. Qe4 Bf5 33. Qf3 Re8 34. g3 Bf6 35. Kh2
Bd4 36. Bc2 Kg7 37. Qg2 Bg4 38. Bd1 Bf5 39. Be2 Re7 40. g4 hxg4 41. Bxg4 Rh8+
42. Bh3 Rxh3+ 43. Qxh3 Bxh3 44. Kxh3 Re3+ 45. Kg2 Rxd3 46. f5 g5 47. Re1 Be5 48.
Re2 Rc3 49. Re4 Kf6 50. Kf2 Kxf5 51. Re3 Bd4 52. Ke2 Rxe3+ 53. Kd2 Ke4 54. Kc2
Rc3+ 55. Kd2 Ra3 56. Kc2 Rxa4 57. Kb3 Rb4+ 58. Ka3 Kd3 59. Ka2 Kc2 60. Ka3 g4
61. Ka2 Ra4# 0-1

[Event "AUTO-OPEN-4579"]
[Site "http://www.queenalice.com/game.php?id=1853183"]
[Date "2025.3.3"]
[Round "1"]
[White "silverado"]
[Black "SGF"]
[Result "1-0"]
[WhiteElo "1975"]
[BlackElo "1704"]

1. e4 e5 2. Nc3 c6 3. d4 Qf6 4. dxe5 Qxe5 5. Nf3 Qa5 6. Bc4 Bb4 7. Qd3 Nf6 8.
Bd2 Bxc3 9. Bxc3 Qc5 10. b4 Qb6 11. h3 h6 12. a3 O-O 13. e5 Re8 14. O-O Nh5 15.
Nh4 Nf4 16. Qf5 Ne6 17. Qg4 d5 18. exd6 Bd7 19. Bxe6 g5 20. Bxd7 Nxd7 21. Nf5
Re6 22. h4 Ne5 23. Nxh6+ Rxh6 24. Bxe5 Qd8 25. hxg5 Rg6 26. f4 Qb6+ 27. Rf2 Kf8
28. f5 Rg8 29. g6 a5 30. g7+ Ke8 31. f6 axb4 32. axb4 Rxa1+ 33. Bxa1 Qd8 34.
Re2+ Qe7 35. Qc8# 1-0

[Event "AUTO-OPEN-4579"]
[Site "http://www.queenalice.com/game.php?id=1853210"]
[Date "2025.3.3"]
[Round "1"]
[White "silverado"]
[Black "henriq19"]
[Result "1-0"]
[WhiteElo "1953"]
[BlackElo "2109"]

1. e4 c5 2. c4 Nc6 3. Nc3 e6 4. d3 Be7 5. Nf3 Nf6 6. h3 a6 7. e5 Nh5 8. g4 Nd4
9. gxh5 Nxf3+ 10. Qxf3 d5 11. exd6 Qxd6 12. Bg2 O-O 13. Ne4 Qd4 14. Rb1 Rb8 15.
b3 b5 16. Bb2 Qd7 17. Qg3 Bb7 18. Qxg7# 1-0

[Event "AUTO-OPEN-4579"]
[Site "http://www.queenalice.com/game.php?id=1853211"]
[Date "2025.3.3"]
[Round "1"]
[White "henriq19"]
[Black "silverado"]
[Result "1-0"]
[WhiteElo "2059"]
[BlackElo "2005"]

1. Nf3 d5 2. g3 Nf6 3. d3 c5 4. Bg2 h6 5. O-O b5 6. Bf4 Nbd7 7. Nc3 b4 8. Na4 e6
9. c3 bxc3 10. Nxc3 Ba6 11. Re1 Rb8 12. Rb1 Rb4 13. a3 Rb7 14. Qa4 Qb6 15. Ne5
Bb5 16. Nxb5 Qxb5 17. Qc2 Nxe5 18. Bxe5 Ng4 19. Bf4 g5 20. Bd2 Bg7 21. e4 dxe4
22. Bxe4 Rc7 23. b4 c4 24. h3 Ne5 25. d4 Nd3 26. Bxd3 Bxd4 27. Bf1 O-O 28. Qe4
Bb6 29. Rbc1 Rfc8 30. Bc3 Rc6 31. Qf3 f5 32. Qh5 e5 33. Rxe5 Qa4 34. Re7 1-0

[Event "AUTO-ADV-4850"]
[Site "http://www.queenalice.com/game.php?id=1853337"]
[Date "2025.3.6"]
[Round "1"]
[White "shmurtz91"]
[Black "silverado"]
[Result "0-1"]
[WhiteElo "1912"]
[BlackElo "1978"]

1. d4 d5 2. c4 dxc4 3. e4 b5 4. a4 Qd7 5. axb5 Qxb5 6. Nc3 Qb4 7. Ra4 Qb7 8.
Bxc4 e6 9. Nf3 a6 10. O-O Bd7 11. Ne5 Bxa4 12. Qf3 Nf6 13. Nxa4 Nbd7 14. Bg5
Qxe4 15. Qc3 Nxe5 16. dxe5 Nd7 17. Re1 Qf5 18. Be3 Qxe5 19. Qb3 Bd6 20. f4 Qa5
21. Rd1 Rb8 22. Qc2 O-O 23. Nc3 Nf6 24. b3 Rb4 25. Ne2 Rd8 26. Nd4 Bc5 27. Qd2
Ng4 28. Qc3 Bxd4 29. Bxd4 e5 30. fxe5 Nxe5 31. Re1 Nxc4 32. Qg3 f6 33. Bc3 Qc5+
34. Kh1 Rxb3 35. Rc1 Ne5 36. Qe1 Nd3 37. Qe6+ Kh8 0-1

[Event "AUTO-ADV-4850"]
[Site "http://www.queenalice.com/game.php?id=1853338"]
[Date "2025.3.6"]
[Round "1"]
[White "silverado"]
[Black "shmurtz91"]
[Result "1-0"]
[WhiteElo "1963"]
[BlackElo "1927"]

1. d4 d6 2. e4 e5 3. d5 f5 4. exf5 Nf6 5. g4 h5 6. g5 Ne4 7. Qf3 Nxg5 8. Bxg5
Qxg5 9. Nc3 Bxf5 10. Ne4 Bxe4 11. Qxe4 Nd7 12. Nh3 Qe7 13. Bg2 O-O-O 14. O-O g5
15. f3 Rg8 16. b4 Nf6 17. Qf5+ Kb8 18. Nxg5 Bh6 19. Ne6 Rde8 20. Rae1 Nxd5 21.
a3 Bf4 22. Nxf4 Nc3 23. Ng6 Qg7 24. Nh4 Ref8 25. Qd3 Na4 26. Rf2 Rf4 27. Nf5 Qg5
28. Ng3 h4 29. Ne4 Qh5 30. h3 Nb6 31. Kh1 d5 32. Nc5 Rd4 33. Qe3 Nc4 34. Qc3 Qf5
35. f4 Rxf4 36. Rxf4 exf4 37. Kh2 Ne3 38. Bf3 b6 39. Na6+ Kb7 40. b5 Nc4 41. Re7
Rc8 42. Qxc4 1-0

[Event "AUTO-ADV-4851"]
[Site "http://www.queenalice.com/game.php?id=1853646"]
[Date "2025.3.10"]
[Round "1"]
[White "silverado"]
[Black "Givanildo"]
[Result "0-1"]
[WhiteElo "1991"]
[BlackElo "1703"]

1. d4 d5 2. Nf3 h6 3. Nc3 Bf5 4. Bf4 e6 5. Ne5 Nf6 6. e3 Bb4 7. f3 Bxc3+ 8. bxc3
Nbd7 9. g4 Bh7 10. Rb1 Nxe5 11. Bxe5 O-O 12. Rxb7 Rc8 13. Rxa7 Nd7 14. Ba6 Nxe5
15. Bxc8 Qxc8 16. dxe5 c5 17. O-O Rd8 18. Rxf7 Kxf7 19. f4 d4 20. exd4 cxd4 21.
cxd4 Bxc2 22. Qd2 Ba4 23. Qe3 Qc4 24. f5 Qxd4 25. fxe6+ Kxe6 26. Re1 Qxg4+ 27.
Kf2 Rf8+ 0-1

[Event "AUTO-ADV-4851"]
[Site "http://www.queenalice.com/game.php?id=1853648"]
[Date "2025.3.10"]
[Round "1"]
[White "silverado"]
[Black "bdpq"]
[Result "1-0"]
[WhiteElo "2018"]
[BlackElo "1700"]

1. d4 d5 2. Nf3 Bg4 3. Qd3 e6 4. a3 Nc6 5. h3 Bf5 6. Qc3 Qd6 7. Ne5 Nxe5 8. dxe5
Qc6 9. Qxc6+ bxc6 10. c3 g6 11. Nd2 Be7 12. Nf3 Bc5 13. e3 Ne7 14. Ba6 O-O 15.
O-O Be4 16. Ng5 Bf5 17. b4 Bb6 18. a4 c5 19. a5 cxb4 20. axb6 axb6 21. cxb4 Nc6
22. b5 Nb4 23. Bb2 Nd3 24. Bc3 Nc5 25. f3 Nb3 26. Ra3 Nc5 27. e4 dxe4 28. fxe4
Nxe4 29. Nxe4 Bxe4 30. Bb4 Rfd8 31. Rc3 c5 32. Ba3 Bd5 33. Bc1 Ba2 34. Bg5 Bb1
35. Rxb1 Rd5 36. Bf6 h5 37. Bb7 Rad8 38. Bxd5 exd5 39. Bxd8 d4 40. Ra3 d3 41.
Bf6 c4 42. Ra8+ 1-0

[Event "AUTO-ADV-4851"]
[Site "http://www.queenalice.com/game.php?id=1853649"]
[Date "2025.3.10"]
[Round "1"]
[White "bdpq"]
[Black "silverado"]
[Result "0-1"]
[WhiteElo "1705"]
[BlackElo "1990"]

1. e4 e5 2. d4 Qf6 3. d5 c6 4. dxc6 dxc6 5. Nf3 h6 6. Bd3 Bg4 7. O-O Bd6 8. Be2
Nd7 9. Nc3 Nc5 10. Be3 O-O-O 11. Nd2 Bxe2 12. Qxe2 Na6 13. Bxa7 Nb4 14. Nc4 b5
15. Bb6 Bc7 16. Qg4+ Kb8 17. Bxc7+ Kxc7 18. f4 Nxc2 19. fxe5 Qg6 20. Qxg6 fxg6
21. Na3 Nxa1 22. Rxa1 b4 23. Na4 bxa3 24. b4 Rd4 25. Rb1 Rxe4 26. Rb3 Rxe5 27.
Rxa3 Ne7 28. Nb2 Rf8 29. Nc4 Re1# 0-1

[Event "AUTO-ADV-4854"]
[Site "http://www.queenalice.com/game.php?id=1854228"]
[Date "2025.3.21"]
[Round "1"]
[White "dosoldini"]
[Black "silverado"]
[Result "0-1"]
[WhiteElo "1595"]
[BlackElo "2013"]

1. e4 e5 2. Nf3 Nc6 3. a3 Nf6 4. Ng5 h6 5. Nxf7 Kxf7 6. c3 Nxe4 7. Qf3+ Nf6 8.
Bd3 d5 9. Qg3 g5 10. Be2 Bd6 11. d3 e4 12. Qe3 exd3 13. Bxd3 Re8 14. Qxe8+ Qxe8+
15. Be2 Bg4 16. f3 Bh5 17. g4 Nxg4 18. Nd2 Nxh2 19. Nf1 Bxf3 0-1

[Event "AUTO-ADV-4854"]
[Site "http://www.queenalice.com/game.php?id=1854229"]
[Date "2025.3.21"]
[Round "1"]
[White "silverado"]
[Black "Capixaba789"]
[Result "1/2-1/2"]
[WhiteElo "2008"]
[BlackElo "1870"]

1. d4 d5 2. Nf3 Bf5 3. Nc3 e6 4. a3 Nc6 5. h3 Bd6 6. Nb5 Nf6 7. Nxd6+ cxd6 8. e3
h6 9. Bd3 Bxd3 10. Qxd3 O-O 11. b4 Ne7 12. Bb2 Rc8 13. O-O Nf5 14. Rac1 Ne4 15.
c4 Nf6 16. c5 dxc5 17. dxc5 Ne4 18. g4 Nh4 19. Nh2 Ng5 20. f4 Ne4 21. Qd4 Qf6
22. Nf3 Nxf3+ 23. Rxf3 Rcd8 24. Qxf6 Nxf6 25. g5 hxg5 26. fxg5 Ne4 27. h4 f5 28.
gxf6 Nxf6 29. Rcf1 Ng4 30. Rxf8+ Rxf8 31. Re1 Rf3 32. e4 Rg3+ 33. Kf1 dxe4 34.
Rxe4 e5 35. a4 Kf7 36. Bxe5 Nxe5 37. Rxe5 Rg4 38. b5 Rxa4 39. h5 Ra5 40. Rf5+
Ke6 41. Rg5 Kf7 42. Rf5+ Ke6 43. Rg5 Kf7 44. Rf5+ 1/2-1/2

[Event "AUTO-ADV-4854"]
[Site "http://www.queenalice.com/game.php?id=1854230"]
[Date "2025.3.21"]
[Round "1"]
[White "Capixaba789"]
[Black "silverado"]
[Result "0-1"]
[WhiteElo "1826"]
[BlackElo "2021"]

1. e4 d5 2. exd5 Qxd5 3. d4 Nc6 4. Nf3 Bg4 5. Be2 O-O-O 6. c3 Nf6 7. Be3 Ne4 8.
Nbd2 Nxd2 9. Qxd2 f6 10. O-O e5 11. c4 Qf7 12. d5 Qg6 13. dxc6 Rxd2 0-1

[Event "AUTO-ADV-4854"]
[Site "http://www.queenalice.com/game.php?id=1854231"]
[Date "2025.3.21"]
[Round "1"]
[White "silverado"]
[Black "dimitridruloza2012"]
[Result "1-0"]
[WhiteElo "1979"]
[BlackElo "1870"]

1. d4 d5 2. Nf3 Nf6 3. Nc3 Bg4 4. Ne5 e6 5. Nxg4 Nxg4 6. h4 Bb4 7. Bd2 Qf6 8. f3
Bxc3 9. Bxc3 Ne3 10. Qd3 Nxf1 11. Rxf1 Qxh4+ 12. Kd2 Qg5+ 13. f4 Qxg2 14. Qb5+
c6 15. Qxb7 O-O 16. Qxa8 Nd7 17. Qxa7 Nf6 18. Kd3 Qe4+ 19. Kd2 Ng4 20. Rf3 Nh2
21. Rf2 Ng4 22. Rf3 f5 23. Rh1 h6 24. Bb4 Kh7 25. Bxf8 1-0

[Event "AUTO-ADV-4854"]
[Site "http://www.queenalice.com/game.php?id=1854232"]
[Date "2025.3.21"]
[Round "1"]
[White "dimitridruloza2012"]
[Black "silverado"]
[Result "0-1"]
[WhiteElo "1858"]
[BlackElo "1991"]

1. d4 d5 2. e3 Nf6 3. Nc3 a6 4. Nf3 Nc6 5. h3 Bf5 6. Bd3 Ne4 7. Nh4 Nxc3 8. bxc3
Bxd3 9. Qxd3 e5 10. g3 e4 11. Qe2 Qg5 12. Bb2 Bd6 13. O-O-O Na5 14. Kb1 Nc4 15.
Ng2 Nxb2 16. Kxb2 O-O 17. h4 Qf6 18. h5 h6 19. Kc1 b5 20. Kd2 c5 21. Ke1 cxd4
22. cxd4 Rac8 23. Rh4 g5 24. hxg6 fxg6 25. Rxh6 Qg5 26. Rh4 Bxg3 27. Rg4 Bxf2+
28. Kd2 Qh5 29. Nf4 Rxf4 30. exf4 e3+ 31. Kc1 Qf5 32. Rd3 Rc4 33. Rg5 Qf6 34.
Qh5 Kf7 35. Qh4 Bxh4 0-1

[Event "AUTO-OPEN-4583"]
[Site "http://www.queenalice.com/game.php?id=1854295"]
[Date "2025.3.21"]
[Round "1"]
[White "askasl159"]
[Black "silverado"]
[Result "1-0"]
[WhiteElo "1882"]
[BlackElo "2015"]

1. e4 e5 2. f4 exf4 3. Nf3 Nc6 4. d4 g5 5. h3 Bg7 6. Bc4 Qe7 7. Nc3 Na5 8. Bd3
c6 9. b3 b5 10. Bb2 f6 11. Qe2 Bb7 12. O-O-O a6 13. Rd2 O-O-O 14. Kb1 b4 15. Na4
Kc7 16. Bxa6 Bxa6 17. Qxa6 Nb7 18. Nc5 Rb8 19. Rhd1 d6 20. Na4 Qxe4 21. d5 c5
22. Qc6+ Kd8 23. Re1 Qg6 24. Rde2 Nh6 25. Re7 Nf5 26. Qc7# 1-0

[Event "AUTO-OPEN-4583"]
[Site "http://www.queenalice.com/game.php?id=1854296"]
[Date "2025.3.21"]
[Round "1"]
[White "silverado"]
[Black "askasl159"]
[Result "0-1"]
[WhiteElo "1994"]
[BlackElo "1892"]

1. d4 d5 2. Nf3 g6 3. Nc3 Bg7 4. h3 c5 5. dxc5 Nf6 6. Bg5 Nc6 7. Bxf6 Bxf6 8.
Qd2 Bxc3 9. Qxc3 O-O 10. e3 Re8 11. Bb5 e5 12. O-O-O e4 13. Nd4 Bd7 14. f3 a6
15. Nxc6 bxc6 16. Ba4 Ra7 17. fxe4 Rxe4 18. Rhf1 Rxa4 19. a3 Bf5 20. b4 Qb8 21.
Qb3 Qb5 22. Rf2 a5 23. c3 axb4 24. g4 Rxa3 25. Qxb4 Ra1+ 26. Kd2 Qd3+ 0-1

[Event "AUTO-OPEN-4583"]
[Site "http://www.queenalice.com/game.php?id=1854319"]
[Date "2025.3.21"]
[Round "1"]
[White "silverado"]
[Black "delphicoracle"]
[Result "0-1"]
[WhiteElo "2009"]
[BlackElo "2653"]

1. d4 e6 2. e4 c5 3. c3 d5 4. e5 Qb6 5. Nf3 Nc6 6. Na3 cxd4 7. cxd4 Bb4+ 8. Ke2
Bd7 9. Ke3 Nh6 10. Nb5 Nf5+ 11. Kf4 O-O 12. g4 Nh6 13. Kg3 f6 14. exf6 Rxf6 15.
Bxh6 gxh6 16. Qb3 a6 17. Nc3 Rxf3+ 18. Kxf3 Nxd4+ 0-1

[Event "AUTO-OPEN-4583"]
[Site "http://www.queenalice.com/game.php?id=1854320"]
[Date "2025.3.21"]
[Round "1"]
[White "delphicoracle"]
[Black "silverado"]
[Result "1-0"]
[WhiteElo "2653"]
[BlackElo "2002"]

1. e4 d5 2. Nc3 d4 3. Nce2 Nc6 4. Ng3 g6 5. Bb5 Qd6 6. Nf3 Bd7 7. O-O O-O-O 8.
d3 e5 9. c3 a6 10. Bxc6 Bxc6 11. cxd4 exd4 12. Ne2 Bg7 13. Bf4 Qb4 14. Rc1 Qxb2
15. Rc2 Qa3 16. Qd2 Ne7 17. Rb1 Rd7 18. Rb3 Qa4 19. Rc4 Qxc4 20. dxc4 Bxe4 21.
Ng5 f5 22. Nxe4 fxe4 23. Qb4 b6 24. Qa4 Kb7 25. Qxd7 1-0